书目信息 |
| 题名: |
越剧唱腔欣赏
|
|
| 作者: | 连波 编著 | |
| 分册: | ||
| 出版信息: | 上海 上海音乐出版社 2001 |
|
| 页数: | 375页 | |
| 开本: | 22cm | |
| 丛书名: | 中国戏曲音乐欣赏丛书 | |
| 单 册: | ||
| 中图分类: | J643.5 | |
| 科图分类: | ||
| 主题词: | 黄梅戏--唱腔--戏曲音乐--音乐欣赏--中国 , 黄梅戏 , 唱腔 , 戏曲音乐 , 音乐欣赏 , 音乐--作品--中国 | |
| 电子资源: | ||
| ISBN: | 7-80553-993-6 | |
| 000 | 01037oam2 2200313 450 | |
| 001 | 1233385549 | |
| 005 | 20121019091814.08 | |
| 010 | @a7-80553-993-6@dCNY34.00 | |
| 100 | @a20010809d2001 em y0chiy0110 ea | |
| 101 | 0 | @achi |
| 102 | @aCN@b310000 | |
| 105 | @aag z 000yd | |
| 200 | 1 | @a越剧唱腔欣赏@Ayue ju chang qiang xin shang@f连波编著@Flian bo bian zhu |
| 210 | @a上海@c上海音乐出版社@d2001 | |
| 215 | @a375页@c照片@d22cm | |
| 225 | 2 | @a中国戏曲音乐欣赏丛书 |
| 314 | @a时白林(1927~),安徽蒙城人,安徽艺术研究所一级作曲。主要音乐作品有黄梅戏电影《天仙配》等。 | |
| 330 | @a本书分为五部分,包括黄梅戏的来龙去脉;黄梅戏的声腔结构;改编、创作的新腔;黄梅歌;黄梅戏的伴奏。 | |
| 461 | 0 | @12001 @a中国戏曲音乐欣赏丛书 |
| 606 | 0 | @a黄梅戏@x唱腔@x戏曲音乐@x音乐欣赏@y中国 |
| 606 | 0 | @a黄梅戏 |
| 606 | 0 | @a唱腔 |
| 606 | 0 | @a戏曲音乐 |
| 606 | 0 | @a音乐欣赏 |
| 606 | 0 | @a音乐@x作品@x中国 |
| 690 | @aJ643.5@v4 | |
| 701 | 0 | @a连波@Alian bo@f(1927~)@4编著 |
| 801 | 0 | @aCN@bNLC@c20101222 |
| 905 | @a10447@dJ643.5@eJY48 | |
| 越剧唱腔欣赏/连波编著.-上海:上海音乐出版社,2001 |
| 375页:照片;22cm.-(中国戏曲音乐欣赏丛书) |
| ISBN 7-80553-993-6:CNY34.00 |
| 本书分为五部分,包括黄梅戏的来龙去脉;黄梅戏的声腔结构;改编、创作的新腔;黄梅歌;黄梅戏的伴奏。 |
| ● |
| 相关链接 |
|
|
|
|
正题名:越剧唱腔欣赏
索取号:J643.5/JY48
 
预约/预借
| 序号 | 登录号 | 条形码 | 馆藏地/架位号 | 状态 | 备注 |
| 1 | 7834368 | 278343687 | 学院路分馆/ [索取号:J643.5/JY48] | 在馆 | |
| 2 | 7834369 | 278343696 | 学院路分馆/ [索取号:J643.5/JY48] | 在馆 | |
| 3 | 7834370 | 278343703 | 学院路分馆/ [索取号:J643.5/JY48] | 在馆 | |
| 4 | 7834371 | 278343712 | 学院路分馆/ [索取号:J643.5/JY48] | 在馆 |